000 00598nam a2200193 i 4500
001 84573
003 ES-MaACL
005 20230906175035.0
007 t|
008 041123s1979 sp ||||1| spa d
020 _a84-01-37038-8
100 1 _aJanés i Olivé, Josep.
_966016
245 1 0 _aPoesía, 1934-1959 /
_cJosep Janés i Olivé ; [práoleg de Josep Cruset].
260 _aEsplugues de Llobregat (Barcelona) :
_bPlaza & Janés,
_c1979.
300 _a96 p. ;
_c19 cm.
700 1 _aCruset, José.
_941775
852 _aES-MaACL
_jG-2853
_bR.114262
852 _aES-MaACL
_jF-10494
_bR.115007
999 _c84573
_d84573